| 000 | 00772cam a22002657a 4500 | ||
|---|---|---|---|
| 003 | CHAP | ||
| 005 | 20220329141423.0 | ||
| 008 | 971013s r 00010 d | ||
| 010 | _a67855 | ||
| 011 | _a68827 | ||
| 035 | _a78301 | ||
| 040 | _cCHAP | ||
| 090 | _aR-2481 | ||
| 100 | 0 | 0 |
_aGordon, A. _950011 |
| 245 | 0 | _aEstimating bark thickness of Pinus radiata | |
| 500 | _aSobretiro de : Zealand Journal of Forestry Science. 13 (3): 340 - 53, 1983 | ||
| 590 |
_aBATCH-UPD _b10 _c20130110 _lUCH01 _h0115 |
||
| 590 |
_aBATCH-UPD _b10 _c20130110 _lUCH01 _h0830 |
||
| 590 |
_aCONVERSION _b10 _c20130109 _lUCH01 _h1337 |
||
| 650 | 1 | 4 |
_aCorteza. _928309 |
| 650 | 1 | 4 |
_aPinus radiata. _988362 |
| 901 | _aBK | ||
| 942 | _cREIMP | ||
| 949 |
_aR-2481 _bBC _cR _d-31175 _eTS1 _i78301 _si |
||
| 999 |
_c67855 _d67855 |
||